Loading...
Principles of biochemistry
| Main Author: | |
|---|---|
| Format: | Printed Book |
| Published: |
CBS Publishers & Distributors, New Delhi
1993
|
| Edition: | 2 |
| Subjects: |
| LEADER | 00544nam a2200193 4500 | ||
|---|---|---|---|
| 020 | |||
| 082 | |a R 572 LEH-P2 | ||
| 100 | |a Lehninger, Albert L, et al. | ||
| 245 | |a Principles of biochemistry | ||
| 250 | |a 2 | ||
| 260 | |a CBS Publishers & Distributors, New Delhi |c 1993 | ||
| 300 | |||
| 490 | |||
| 500 | |||
| 590 | |a VIN | ||
| 650 | |a Biochemistry-- Histochemistry-- Cytochemistry | ||
| 942 | |c BK | ||
| 999 | |c 90958 |d 90958 | ||
| 952 | |0 0 |1 0 |4 0 |6 R_572_000000000000000_LEHP2 |7 0 |9 104426 |a ZGY |b ZGY |l 0 |o R 572 LEH-P2 |p ZGY03495 |r 2019-09-25 |w 2019-09-25 |y BK | ||